| 000 | 00368 a2200169 4500 | ||
|---|---|---|---|
| 001 | 186616 | ||
| 020 | _a85-356-1659-4 | ||
| 040 | _cMagnum | ||
| 100 | _aAgustoni, Prisca | ||
| 240 | 1 | 0 |
_aO colecionador de pedras _lpor |
| 245 | 1 | 0 | _aO colecionador de pedras |
| 300 | _a23 | ||
| 362 | 0 | _a2006 | |
| 440 | 1 | _aPaulinas | |
| 697 | _aLITERATURA INFANTO | ||
| 942 | _cBK | ||
| 999 |
_c186616 _d186616 |
||